• Fiordelli P., Campanini G, Campanini G., Felici P., Riva C., Maverna L., Rubin W.,

di Personal Name

Records bibliografici associati: 1

001 - CONTROL NUMBER

  • control field: 60968

003 - CONTROL NUMBER IDENTIFIER

  • control field:

005 - DATE AND TIME OF LATEST TRANSACTION

  • control field: 20240919122447.0

008 - FIXED-LENGTH DATA ELEMENTS

  • fixed length control field: 240919|| aca||aabn | a|a d

040 ## - CATALOGING SOURCE

  • Original cataloging agency:
  • Transcribing agency:

100 ## - HEADING--PERSONAL NAME

  • Personal name: Fiordelli P., Campanini G, Campanini G., Felici P., Riva C., Maverna L., Rubin W.,
  • Personal name: Colombo G., Scabini P., Simonis S. e G., Zappone C. e D., Melchiorre V.,
  • Personal name: Bertazzoni A. e N., Fregni G., Biancardi M. e D., Cappella A

670 ## - SOURCE DATA FOUND

  • Source citation: Work cat.: ()209673: Conferenza Episcopale Italiana. Commissione per la famiglia 60967, Il cammino della pastorale familiare in Italia., 1979
CREDITS: SOCIETA' SAN PAOLO Via A.Severo, 58 - ROMA (RM) & PERIODICI SAN PAOLO SRL Via Giotto, 36 MILANO & CISF Via Giotto, 36 MILANO & EDIZIONI SAN PAOLO SRL,  Piazza Soncino, 5 CINISELLO BALSAMO (MI) -- ITALY